[Event "POL-chT 58th 1st League"]
[Site "Ustron"]
[Date "2002.??.??"]
[Round "?"]
[White "Charchalis, Piotr"]
[Black "Jasik, Krzysztof"]
[Result "0-1"]
[WhiteElo "2179"]
[BlackElo "2335"]
[PlyCount "133"]
[EventDate "2002.09.07"]
[EventType "team-tourn"]
[EventRounds "9"]
[EventCountry "POL"]
[SourceTitle "EXT 2019"]
[Source "ChessBase"]
[SourceDate "2018.10.10"]
[SourceVersion "1"]
[SourceVersionDate "2018.10.10"]
[SourceQuality "1"]
[WhiteTeam "Olsztyn Lacznosc"]
[BlackTeam "Wroclaw Polonia"]
[WhiteTeamCountry "POL"]
[BlackTeamCountry "POL"]

1. e4 c5 2. Nf3 Nc6 3. Nc3 Nf6 4. e5 Ng4 5. Qe2 e6 6. h3 Nh6 7. g4 d5 8. exd6 Bxd6 9. d3 Ng8 10. Ne4 Nge7 11. Be3 b6 12. Bg2 Bb7 13. Qd2 Nd5 14. 0-0-0 Qc7 15. Nxd6+ Qxd6 16. Kb1 0-0-0 17. Rhe1 e5 18. Qc1 f6 19. Nd2 Nce7 20. Nc4 Qc7 21. Ka1 g5 22. Be4 Ng6 23. Rh1 Kb8 24. Qd2 Rd7 25. f3 Nde7 26. Qf2 Rdd8 27. Rh2 h6 28. Bd2 Rhf8 29. Ne3 Nh4 30. Bc3 f5 31. gxf5 Nexf5 32. Nxf5 Nxf5 33. Qe2 Rde8 34. b3 Nd4 35. Bxd4 exd4 36. h4 g4 37. fxg4 Bxe4 38. dxe4 Rf4 39. g5 Rexe4 40. Qd2 h5 41. Rdh1 Qe5 42. Kb1 Re3 43. Rg2 Rfe4 44. a3 d3 45. c3 Qd5 46. c4 Qe5 47. Qb2 Re1+ 48. Rxe1 Rxe1+ 49. Ka2 Qxb2+ 50. Rxb2 Kc7 51. g6 Rg1 52. b4 Rxg6 53. Kb3 Rg3 54. Rd2 Kd6 55. Kc3 Ke5 56. bxc5 bxc5 57. Rd1 Ke4 58. Re1+ Re3 59. Rf1 Re2 60. Rf7 Rc2+ 61. Kb3 Rc1 62. Re7+ Kf3 63. Rf7+ Ke2 64. Re7+ Kd1 65. Rxa7 d2 66. Re7 Rb1+ 67. Kc3 0-1

[Event "Swidnica op-B"]
[Site "Swidnica"]
[Date "2000.??.??"]
[Round "10"]
[White "Charchalis, Piotr"]
[Black "Krysztofiak, Marcin"]
[Result "0-1"]
[WhiteElo "2190"]
[BlackElo "2130"]
[PlyCount "82"]
[EventDate "2000.07.??"]
[EventType "swiss"]
[EventRounds "10"]
[EventCountry "POL"]
[SourceTitle "EXT 2003"]
[Source "ChessBase"]
[SourceDate "2002.11.25"]
[SourceVersion "1"]
[SourceVersionDate "2002.11.25"]
[SourceQuality "1"]

1. e4 e5 2. Nf3 d6 3. d4 exd4 4. Nxd4 g6 5. Nc3 Bg7 6. Be3 Nf6 7. Qd2 0-0 8. 0-0-0 Nc6 9. f3 Nxd4 10. Bxd4 Be6 11. g4 c5 12. Be3 Qa5 13. a3 Rfd8 14. Nd5 Qxd2+ 15. Rxd2 Bxd5 16. exd5 Re8 17. Bf4 Re1+ 18. Rd1 Rxd1+ 19. Kxd1 Nxd5 20. Bxd6 Rd8 21. Bxc5 b6 22. Bg1 Bxb2 23. Bd3 Bxa3 24. h4 Nf4 25. Kd2 Bb4+ 26. Ke3 Nxd3 27. cxd3 Re8+ 28. Kf2 Re1 29. Kg2 Rd1 30. Bf2 Rxh1 31. Kxh1 Bc3 32. Kg2 a5 33. Bxb6 a4 34. Bc5 Bb2 35. h5 gxh5 36. gxh5 Kg7 37. Kg3 a3 38. Bxa3 Bxa3 39. Kg4 Kf6 40. f4 Bb2 41. Kf3 Kf5 0-1

[Event "MK Cafe Cup-B"]
[Site "Koszalin"]
[Date "1999.08.11"]
[Round "8"]
[White "Cmilyte, Viktorija"]
[Black "Charchalis, Piotr"]
[Result "1-0"]
[WhiteElo "2354"]
[BlackElo "2181"]
[PlyCount "179"]
[EventDate "1999.08.03"]
[EventType "swiss"]
[EventRounds "10"]
[EventCountry "POL"]
[SourceTitle "EXT 2000"]
[Source "ChessBase"]
[SourceDate "1999.11.16"]
[SourceVersion "1"]
[SourceVersionDate "1999.11.16"]
[SourceQuality "1"]

1. d4 Nf6 2. c4 e6 3. Nc3 d5 4. Nf3 Nbd7 5. Bf4 c6 6. e3 Be7 7. h3 0-0 8. Qc2 dxc4 9. Bxc4 b5 10. Bd3 a6 11. Rd1 Qb6 12. Ne5 c5 13. Nxd7 Bxd7 14. dxc5 Qxc5 15. Bxh7+ Nxh7 16. Rxd7 Rac8 17. Rd1 Nf6 18. Rd3 Rfd8 19. 0-0 Rxd3 20. Qxd3 Rd8 21. Qe2 b4 22. Nb1 a5 23. e4 Qd4 24. Bg5 Qe5 25. f4 Qd4+ 26. Kh2 Rd7 27. Re1 Rc7 28. b3 Qc5 29. Nd2 Qc2 30. Nc4 Qxe2 31. Rxe2 a4 32. Bxf6 Bxf6 33. e5 Be7 34. Kg3 a3 35. Kf3 Kf8 36. Ke4 Ke8 37. Rc2 Rc5 38. h4 f5+ 39. exf6 gxf6 40. Kf3 Kf7 41. g4 Rd5 42. Rd2 Rc5 43. h5 Rc7 44. Rg2 Rd7 45. g5 Rd3+ 46. Ke4 Rh3 47. h6 Kg6 48. gxf6+ Kxf6 49. Ne5 Bf8 50. Rg8 Ke7 51. Rh8 Rxh6 52. Nc6+ Kd6 53. Rxh6 Bxh6 54. Nxb4 Bg7 55. Nc2 Bb2 56. Kd3 Bc1 57. Ke4 Bb2 58. Ne1 Kc5 59. Kd3 Kd5 60. Ng2 Kc5 61. Ne3 Bc1 62. Ng2 Bb2 63. Ne1 Kd5 64. Nc2 Bc1 65. Ne3+ Kc5 66. Ng2 Kd5 67. Kc2 Bb2 68. Ne3+ Ke4 69. Nc4 Bd4 70. Nxa3 Kxf4 71. Nb5 Bb6 72. Kd3 e5 73. Nc3 Kf5 74. b4 Ke6 75. a4 Kd7 76. Ke4 Bf2 77. Kxe5 Kc6 78. Ke4 Bg1 79. Kd3 Kb6 80. Kc4 Bf2 81. Ne4 Bg1 82. Nc5 Ka7 83. a5 Bf2 84. b5 Kb8 85. b6 Bg3 86. Kb5 Bh2 87. a6 Bg3 88. a7+ Ka8 89. Ka6 Bf2 90. b7# 1-0

[Event "Bydgoszcz op-B"]
[Site "Bydgoszcz"]
[Date "1999.??.??"]
[Round "8"]
[White "Charchalis, Piotr"]
[Black "Ganin, Maksim"]
[Result "1-0"]
[WhiteElo "2181"]
[BlackElo "2351"]
[PlyCount "99"]
[EventDate "1999.??.??"]
[EventType "swiss"]
[EventRounds "9"]
[EventCountry "POL"]
[SourceTitle "EXT 2001"]
[Source "ChessBase"]
[SourceDate "2000.11.22"]
[SourceVersion "1"]
[SourceVersionDate "2000.11.22"]
[SourceQuality "1"]

1. e4 c5 2. Nf3 d6 3. d4 cxd4 4. Qxd4 Nc6 5. Bb5 Bd7 6. Bxc6 Bxc6 7. Nc3 Nf6 8. Bg5 e6 9. 0-0-0 Be7 10. Qd3 0-0 11. Nd4 h6 12. Bh4 Qa5 13. f4 Rac8 14. Kb1 Rfe8 15. f5 Bd8 16. Rhe1 Nxe4 17. Rxe4 Bxe4 18. Qxe4 Bxh4 19. Qxh4 exf5 20. Qf4 Qe5 21. Qxf5 Qxh2 22. Ndb5 Rcd8 23. Qf3 Rd7 24. Nxa7 Re6 25. Nab5 Rg6 26. g4 Qh4 27. a4 Qxg4 28. Qxg4 Rxg4 29. Rxd6 Rxd6 30. Nxd6 h5 31. Nxb7 h4 32. Nc5 h3 33. Nd3 Rg2 34. Ne4 h2 35. Nef2 h1Q+ 36. Nxh1 Rg1+ 37. Ka2 Rxh1 38. b4 Kf8 39. Kb3 Ke7 40. a5 Ra1 41. Kb2 Rh1 42. b5 Rh8 43. a6 Kd6 44. c4 g5 45. c5+ Kc7 46. Kc3 g4 47. b6+ Kb8 48. c6 g3 49. c7+ Kc8 50. Nc5 1-0